000 00417nam a2200145Ia 4500
008 100204s9999 xx 000 0 und d
082 _b25908
100 _aओक जनार्दन
245 _aछद्मभेद
260 _b"पायल पब्लिकेशन , पुणे"
_c2003
300 _a168
630 _aछद्मभेद
730 _aछद्मभेद
942 _cBOOK
999 _c471089
_d471086